|
|
|
|
| LEADER |
00000cam a2200000 7i4500 |
| 001 |
0000030918 |
| 005 |
20220105104047.0 |
| 008 |
110414 |
| 020 |
|
|
|a 9673094851
|
| 090 |
0 |
0 |
|a JP
|b ANM MAL
|
| 245 |
1 |
0 |
|a Gagak dengan tikus
|
| 260 |
|
|
|a Selangor :
|b Aneka ,
|c 2009
|
| 440 |
|
|
|a Kisah alam haiwan
|
| 500 |
|
|
|a Children age 4-6 years old (yellow)
|
| 500 |
|
|
|a Dengan suku kata
|
| 500 |
|
|
|a Sesuai untuk pembacaan haiwan
|
| 650 |
|
0 |
|a Animals
|x Fiction
|
| 650 |
|
0 |
|a Malay language
|x Readers
|x Juvenile literature
|
| 999 |
|
|
|a 0001064862
|b Book
|c Children Collection
|e Cawangan Bandar Penawar
|
| 999 |
|
|
|a 0001065005
|b Book
|c Children Collection
|e Cawangan Tmn. Ungku Tun Aminah
|
| 999 |
|
|
|a 0001065761
|b Book
|c Children Collection
|e Cawangan Segamat
|
| 999 |
|
|
|a 0001065968
|b Book
|c Children Collection
|e Cawangan Taman Sri Lambak
|
| 999 |
|
|
|a 0001066327
|b Book
|c Children Collection
|e Cawangan Tangkak
|
| 999 |
|
|
|a 0001066420
|b Book
|c Children Collection
|e Cawangan Mersing
|
| 999 |
|
|
|a 0001066694
|b Book
|c Children Collection
|e Perbadanan Perpustakaan Awam Johor
|
| 999 |
|
|
|a 0001066839
|b Book
|c Children Collection
|e Perbadanan Perpustakaan Awam Johor
|